|
|
|
|
| LEADER |
00000cam a2200000 a 4500 |
| 001 |
vtls001465398 |
| 003 |
SK-MaSNL |
| 005 |
20260301121722.0 |
| 008 |
220509s2003 xo fr 00000 slo |
| 015 |
|
|
|a SNBA2004/02-00712
|
| 020 |
|
|
|a 8096851764
|q (brožované)
|
| 035 |
|
|
|a SNK000420703
|
| 035 |
|
|
|a urn:nbn:sk:snk-am3j1x6
|
| 035 |
|
|
|a 7CEF1020-3600-465B-B216-43C26E2AC203
|
| 035 |
|
|
|a urn:nbn:sk:snk-am00gjyy
|
| 040 |
|
|
|a SNK
|b slo
|c SNK
|e AACR2
|
| 041 |
0 |
|
|a slo
|
| 043 |
|
|
|a e-xo---
|
| 044 |
|
|
|a xo
|c SK
|
| 072 |
|
7 |
|a 82
|x Literatúra. Literárny život
|2 konspekt
|
| 080 |
|
|
|a 821.162.4-3(082)
|2 1997
|
| 080 |
|
|
|a 821.162.4-1(082)
|2 1997
|
| 080 |
|
|
|a 821.162.4-1
|2 2011
|
| 080 |
|
|
|a 82:7.092
|2 2011
|
| 080 |
|
|
|a (082.21)
|2 2011
|
| 080 |
|
|
|a (082)
|2 2011
|
| 080 |
|
|
|a 821.162.4-3
|2 2011
|
| 080 |
|
|
|a (437.6)
|2 2011
|
| 245 |
0 |
0 |
|a Literárna Trnava
|b almanach : [výber poézie a prózy autorov Trnavského regiónu]
|c zostavila Eva Drobná
|
| 250 |
|
|
|a 1. vyd.
|
| 260 |
|
|
|a Trnava
|b HKPS
|c 2003
|
| 300 |
|
|
|a 86 strán
|c 21 cm
|
| 366 |
|
|
|e 50 kusov
|
| 648 |
|
7 |
|a 2003
|2 SNKPH
|9 301018
|
| 650 |
0 |
7 |
|a slovenská poézia
|2 SNKPH
|9 215422
|
| 650 |
0 |
7 |
|a literárne súťaže
|2 SNKPH
|9 4275
|
| 650 |
0 |
7 |
|a slovenská próza
|2 SNKPH
|9 1206
|
| 651 |
|
7 |
|a Dolné Považie (Slovensko : región)
|2 SNKPHgeo
|9 133795
|
| 655 |
|
7 |
|a výbery
|2 SNKPH
|9 67620
|
| 655 |
|
7 |
|a zborníky
|2 SNKPH
|9 70165
|
| 700 |
1 |
|
|a Drobná, Eva
|4 com
|9 5054
|
| 919 |
|
|
|a 80-968517-6-4
|
| 958 |
|
|
|a TL
|
| 958 |
|
|
|a ZB
|
| 958 |
|
|
|a OND
|
| 999 |
|
|
|c 730409
|d 732339
|
| 952 |
|
|
|t P60, <04>, [BOOK], {604}
|a SNK
|b SNK
|y VYP
|7 0
|p 17A0408127
|o snkSC 114083 D1
|i snkKSP 16100/2003
|0 0
|1 0
|4 0
|d 2003-12-16
|l 0
|r 2005-01-02 00:00:00
|w 2026-02-23
|
| 952 |
|
|
|t P60, <03>, [BOOK], {603}
|a SNK
|b SNK
|y PREZ
|7 0
|p 17A0408128
|o snkSC 114083
|i snkKSP 16099/2003
|0 0
|1 0
|4 0
|d 2003-12-16
|f 1
|l 0
|r 2025-10-03 00:00:00
|w 2026-02-23
|